Statistics for Footballers with most FIFA World Cup appearances

Click here to take the quiz!

General Stats

  • This quiz has been taken 280 times
  • The average score is 25 of 69

Answer Stats

Answer% Correct
Cristiano Ronaldo
90%
Ronaldo
90%
Lionel Messi
87%
Diego Maradona
83%
Miroslav Klose
83%
Thomas Müller
83%
Philipp Lahm
77%
Paolo Maldini
73%
Cafu
66%
Manuel Neuer
65%
Lothar Matthäus
61%
Iker Casillas
60%
Roberto Carlos
59%
Thierry Henry
58%
Robin van Persie
57%
Franz Beckenbauer
56%
Xavi Hernández
54%
Bastian Schweinsteiger
52%
Javier Mascherano
52%
Sergio Ramos
50%
Arjen Robben
47%
Fabio Cannavaro
47%
Roberto Baggio
45%
Mesut Özil
44%
Fabien Barthez
43%
Wesley Sneijder
42%
Rafael Márquez
40%
Hong Myung-Bo
39%
Dino Zoff
36%
Jürgen Klinsmann
35%
Lilian Thuram
35%
Lukas Podolski
35%
Lúcio
34%
Peter Shilton
32%
Gilberto Silva
31%
Fernando Muslera
30%
Per Mertesacker
30%
Rudi Völler
30%
Karl-Heinz Rummenigge
29%
Mario Kempes
27%
Dunga
26%
Dirk Kuyt
24%
Grzegorz Lato
24%
Jairzinho
24%
Uwe Seeler
24%
Cláudio Taffarel
22%
Bebeto
21%
Andoni Zubizarreta
19%
Sepp Maier
19%
Andreas Brehme
17%
Zbigniew Boniek
17%
Didi
13%
Berti Vogts
12%
Enzo Scifo
12%
Pierre Littbarski
11%
Rivellino
11%
Giuseppe Bergomi
10%
Antonio Cabrini
9%
Gaetano Scirea
9%
Nílton Santos
8%
Wolfgang Overath
8%
Jan Ceulemans
7%
Oscar Ruggeri
7%
Thomas Berthold
7%
Franky van der Elst
6%
Wladylslaw Zmuda
6%
Maxime Bossis
5%
Karl-Heinz Schnellinger
4%
Hans Schäfer
3%

Score Distribution

Percentile by Number Answered

Percent of People with Each Score

Your Score History

You have not taken this quiz